000
00304nam a2200121Ia 4500
008
190216s9999||||xx |||||||||||||| ||und||
100
_a
William T Taylo & Richard J Weber
245
0
_a
General Biology
260
_b
Affiliated East West Press
_c
1964
300
_a
945p
650
_a
Botany
942
_c
BK
999
_c
1046
_d
1046